| 000 | 00777nam a2200205Ia 4500 | ||
|---|---|---|---|
| 001 | 5324 | ||
| 003 | GE_BSU | ||
| 008 | 181216s||||||||xx |||||||||||||| ||und|| | ||
| 040 | _cGE_BSU | ||
| 080 | _a517.54+519.21 | ||
| 100 | _aБремерман, Г. Б | ||
| 245 | _aРаспределения, комплексные переменные и преобразования Фурье | ||
| 245 | _cПод Ред. В. С. Владим ирова. Пер с английского И.П. Павлова, Б.М. Степанова | ||
| 260 | _aМосква | ||
| 260 | _bМир | ||
| 260 | _c1968 | ||
| 300 | _a276с. 20см. | ||
| 653 | _aРаспределения, комплексные переменные и преобразования Фурье | ||
| 942 | _cBK | ||
| 999 |
_c38906 _d38906 |
||